| 000 | 01702cam a2200457 4500 | ||
|---|---|---|---|
| 001 | 14022 | ||
| 003 | http://catalogue.bnf.fr/ark:/12148/cb47403062d | ||
| 005 | 20260225170230.0 | ||
| 010 |
_a9791095481263 _d10 EUR |
||
| 020 |
_aFR _b02409520 |
||
| 073 | 0 | _a9780201379624 | |
| 090 | _a14022 | ||
| 099 | _o0 | ||
| 100 | _a20240124d2023 m y0frey50 ba | ||
| 101 | 0 | _afre | |
| 102 | _aFR | ||
| 105 | _a||||z 00|a| | ||
| 181 | 0 |
_601 _ai _bxxxe |
|
| 181 |
_602 _ctxt _2rdacontent |
||
| 182 | 0 |
_601 _an |
|
| 182 |
_602 _cn _2rdamedia |
||
| 200 | 1 |
_aL'odeur des tissus _bLIVR |
|
| 214 | 0 |
_cThéâtre ouvert éditions _dDL 2023 |
|
| 214 | 3 | _cImpr. Média graphic | |
| 214 | 0 | _aParis | |
| 214 | 3 | _a35-Rennes | |
| 215 | _a1 vol. (88 p.) | ||
| 215 | _d20 cm | ||
| 225 |
_aTapuscrit _v159 |
||
| 300 | _aBibliogr., 1 p. | ||
| 305 | _aCréation : Paris (fr) : Théâtre Ouvert, 202210 | ||
| 323 | _a11 personnages | ||
| 330 | _aTout se passe dans une résidence destinée à des femmes. Sept pensionnaires y cultivent gaiment leur faculté d’émerveillement avec l’aide de Claudia, la dévouée directrice. Au travers d’activités manuelles, artistiques, ou encore par la pratique de la discussion, elles s’essayent, tant bien que mal, à l’art de la joie. | ||
| 410 | 0 | _034226913 | |
| 410 | 0 |
_tTapuscrit (Paris. 1978) _x0183-8229 _v159 |
|
| 610 |
_aCollectif _aSororité |
||
| 620 | 2 |
_dParis _afr _eThéâtre Ouvert _f202210 |
|
| 686 |
_a802 _2Cadre de classement de la Bibliographie nationale française |
||
| 700 |
_aTamisier _bLydie _f1991-.... |
||
| 700 |
_318130476 _oISNI0000000514185023 _4070 |
||
| 801 | 0 |
_aFR _bFR-751131015 _c20240124 _gAFNOR _hFRBNF474030620000004 |
|